000 00559nam a2200181Ia 4500
003 GCL
008 140319s9999 xx 000 0 ara d
040 _aGCL /
_cGCL
082 0 4 _a219.3
_bهـ د
100 1 _aهالة مصطفى
245 1 0 _aالدولة والحركات الاسلامية المعارضة /
_cهالة مصطفى
300 _a443 ص
490 _aكتاب المحروسة
_v0
650 0 4 _aالاسلام
650 0 4 _aالاسلام والاصلاح السياسى
650 0 4 _aالاسلام والسياسة
942 _2ddc
_cBK
999 _c52192
_d52192